00603nam a2200217Ia 4500008004100000020002200041050001900063050001400082100002700096245001400123245007900137260002100216260002600237260000900263300001500272300002600287300001100313440001800324650002100342650002200363161112s9999 xx 000 0 und d a978-1-84430-134-8 aCUL TX 809.M17 b.Q48 2005 aQuevremont, Catherine. 0aLasagne / 0cCatherine Quevremont; photographs by Hiroko Mori; styling by Sandra Mahut. aUnited Kingdom : bHachette Illustrated, c2005 a62 pages : bcolor illustrations ; c20 cm. aWith friends. aCooking (Pasta). xCooking, Italian.